Normal view
MARC view
- Qurat -ul - Ain
Entry Personal Name
001 - CONTROL NUMBER
- control field: 1394
003 - CONTROL NUMBER IDENTIFIER
- control field: NUST
005 - DATE AND TIME OF LATEST TRANSACTION
- control field: 20170524165453.0
008 - FIXED-LENGTH DATA ELEMENTS
- fixed length control field: 170524|| aca||aabn | a|a d
040 ## - CATALOGING SOURCE
- Original cataloging agency: NUST
- Transcribing agency: NUST
100 ## - HEADING--PERSONAL NAME
- Personal name: Qurat -ul - Ain
670 ## - SOURCE DATA FOUND
- Source citation: Work cat.: (NUST): Qurat -ul - Ain, Genome Wide Association Studies for Identification of Candidate Risk Factors for Juvenile Onset of Demodicosis Disease , c2016
